Obras Ascéticas de San Alfonso María de Ligorio. (Record no. 170797)

MARC details
000 -LEADER
campo de control de longitud fija 00786nam a2200205 i 4500
001 - NÚMERO DE CONTROL
campo de control 170797
003 - IDENTIFICADOR DE NÚMERO DE CONTROL
campo de control ES-MaACL
005 - FECHA Y HORA DE LA ÚLTIMA TRANSACCIÓN
campo de control 20250808062744.0
008 - DATOS DE LONGITUD FIJA--INFORMACIÓN GENERAL
campo de control de longitud fija 090407s1954 sp |||| | spa d
100 0# - ENTRADA PRINCIPAL--NOMBRE DE PERSONA
Nombre de persona Alfonso María de Ligorio
Títulos y otros términos asociados al nombre Santo.
9 (RLIN) 19867
245 10 - MENCIÓN DEL TÍTULO
Título Obras Ascéticas de San Alfonso María de Ligorio.
Número de parte o sección de la obra II,
Nombre de parte o sección de la obra Dedicado al clero en particular /
Mención de responsabilidad, etc. introducción, selección, versión del italiano, notas e índices de Andrés Goy.
250 ## - MENCION DE EDICION
Mención de edición Ed. crítica.
260 ## - PUBLICACIÓN, DISTRIBUCIÓN, ETC.
Lugar de publicación, distribución, etc. Madrid :
Nombre del editor, distribuidor, etc. La Editorial Católica,
Fecha de publicación, distribución, etc. 1954.
300 ## - DESCRIPCIÓN FÍSICA
Extensión XXIV, 941 p. ;
Dimensiones 20 cm.
490 1# - MENCIÓN DE SERIE
Mención de serie Biblioteca de autores cristianos ;
Designación de volumen o secuencia 113
700 0# - ENTRADA AGREGADA--NOMBRE PERSONAL
Nombre de persona Goy, Andrés.
9 (RLIN) 59388
830 00 - PUNTO DE ACCESO ADICIONAL DE SERIE-TÍTULO UNIFORME
Título uniforme Biblioteca de autores cristianos
Designación de volumen o secuencia 113
9 (RLIN) 178679
852 ## - LOCALIZACIÓN
Ubicación ES-MaACL
Número de control de estantería J-111
itemnumber R.46092
Holdings
Estatus retirado Estado de pérdida Estado de daño No para préstamo Biblioteca de origen Biblioteca actual Ubicación en estantería Fecha de adquisición Fuente de adquisición Total de préstamos Signatura topográfica completa Código de barras Visto por última vez Precio de reemplazo Tipo de ítem Koha
        Biblioteca del Ateneo de Madrid Biblioteca del Ateneo de Madrid Depósito 2 07/04/2009     J-111 1179251 23/02/2023 23/02/2023 Libro impreso